Firemné rokovania Racionálne, hospodárne, efektívne. S príkladmi z praxe

Uložené v:
Podrobná bibliografia
Hlavný autor: Holtgrewe, Karl-Georg
Ďalší autori: Labská, Helena
Médium: Kniha
Jazyk:Slovak
Vydavateľské údaje: Bratislava Slov. ped. nakl. 1993
Vydanie:1. vyd.
Predmet:
Tagy: Pridať tag
Žiadne tagy, Buďte prvý, kto otaguje tento záznam!

MARC

LEADER 00000nam a2200000 4500
001 c004708
005 20221128072804.8
020 |a 80-08-02153-5 
041 0 |a slo 
044 |a SK 
245 1 0 |a Firemné rokovania  |b Racionálne, hospodárne, efektívne. S príkladmi z praxe  |c Karl-Georg Holtgrewe ; Prekl. Helena Labská 
250 |a 1. vyd. 
264 1 |a Bratislava  |b Slov. ped. nakl.  |c 1993 
300 |a 67 s. 
610 2 0 |a rokovania obchodné 
610 2 0 |a firmy 
610 2 0 |a koncerny 
610 2 0 |a diskusia 
610 2 0 |a procesy rozhodovacie 
100 1 |a Holtgrewe, Karl-Georg 
700 1 |a Labská, Helena